000 00415nam a2200181Ia 4500
001 3732
005 20260306145705.0
008 260306t2015||||xx |||||||||||||| ||spa||
041 _aESP
082 _a302.2
_bZ945
100 _aZilberberg, Claude
_eAUT
245 0 _aLa estructura tensiva
260 _c2015
300 _a206 páginas :
_c24 cm.
650 _aGEN
654 _aCED
942 _cLIB
_dJUS
_fJUS
_2ddc
_n
999 _c3732
_d3732